[Event "Elit(Manhem-LASK)"]
[Site "?"]
[Date "2011.02.05"]
[Round "7"]
[White "Carlhammar, Magnus"]
[Black "Hall, Jesper"]
[Result "0-1"]
[WhiteElo "2318"]
[BlackElo "2536"]
[PlyCount "102"]

1. Nf3 c5 2. g3 Nc6 3. Bg2 e5 4. O-O g6 5. c4 Nge7 6. Nc3 d6 7. a3 a5 8. d3 Bg7
9. Bg5 f6 10. Be3 O-O 11. Rb1 Be6 12. Ne1 b6 13. Nd5 Bxd5 14. cxd5 Nd4 15. a4
h5 16. Bc1 Kh7 17. e3 Ndf5 18. Nc2 Nh6 19. Na3 f5 20. Nc4 Ng4 21. h3 Nf6 22. e4
f4 23. gxf4 exf4 24. Re1 g5 25. e5 dxe5 26. Rxe5 Ng6 27. Rxg5 Bh6 28. Rxg6 Kxg6
29. d6 Kh7 30. b3 Ra7 31. Bb2 Rg7 32. Kh1 Rfg8 33. Bxf6 Qxf6 34. Be4+ Kh8 35.
Qxh5 Rg5 36. Qf3 Qg7 37. Kh2 Rg1 38. Ne5 Rg5 39. Nc6 Qd7 40. Ne7 R8g7 41. d4
Rg2+ 42. Qxg2 Rxg2+ 43. Kxg2 Qxd6 44. Ng6+ Kg7 45. d5 Qf6 46. Rd1 f3+ 47. Kh1
Qb2 48. Nh4 Qxf2 49. Nxf3 Qe3 50. Rg1+ Kf8 51. Rg4 Bf4 0-1

[Event "Elit(Manhem-LASK)"]
[Site "?"]
[Date "2011.02.05"]
[Round "7"]
[White "Bejtovic, Jasmin"]
[Black "Moberg, Karl Johan"]
[Result "1-0"]
[WhiteElo "2458"]
[BlackElo "2331"]
[PlyCount "80"]

1. e4 e5 2. Nf3 Nc6 3. d4 exd4 4. Nxd4 Nf6 5. Nxc6 bxc6 6. e5 Qe7 7. Qe2 Nd5 8.
c4 Nb6 9. Nc3 Qe6 10. Qe4 g6 11. Bd3 Bg7 12. f4 O-O 13. O-O Ba6 14. b3 d5 15.
cxd5 cxd5 16. Qe2 Bxd3 17. Qxd3 c5 18. Ba3 Rfc8 19. Rad1 a5 20. Qf3 a4 21. bxa4
d4 22. Ne4 Ra5 23. Rb1 Nxa4 24. Ng5 Qe8 25. Rb7 Nc3 26. Qh3 h5 27. Bb2 Rb5 28.
Rxb5 Nxb5 29. a4 Nc7 30. Ne4 Rb8 31. Qa3 Qc6 32. Nd6 Nd5 33. Qa2 Bf8 34. Nc4
Rb4 35. a5 Ra4 36. Qb3 Rb4 37. Qc2 Qb5 38. Rc1 Rxc4 39. Qxc4 Qxb2 40. Qf1 Ne3
1-0

[Event "Elit(Manhem-LASK)"]
[Site "?"]
[Date "2011.02.05"]
[Round "7"]
[White "Gajic, Mladen"]
[Black "Kinnmark, Ove"]
[Result "0-1"]
[WhiteElo "2352"]
[BlackElo "2248"]
[PlyCount "77"]

1. e4 e5 2. d4 exd4 3. Qxd4 Nc6 4. Qe3 d6 5. Nc3 g6 6. Bd2 Bg7 7. O-O-O Nge7 8.
h4 Be6 9. Nh3 Qd7 10. Nd5 O-O 11. Bc3 Ne5 12. Nhf4 Bxd5 13. Bxe5 Bxe5 14. Nxd5
Nxd5 15. Rxd5 Rfe8 16. Kb1 Bg7 17. h5 Qe6 18. hxg6 hxg6 19. Qb3 c6 20. Rd3 Qxb3
21. Rxb3 Rxe4 22. Bd3 Re7 23. a4 a5 24. Ka2 d5 25. Rh3 Rd8 26. Rf3 Rd6 27. Rg3
Rf6 28. f3 Rf4 29. Rg4 Rxg4 30. fxg4 Bd4 31. c3 Bc5 32. c4 dxc4 33. Bxc4 Re4
34. Rc3 Bb4 35. Rc2 Kg7 36. Kb3 Rxg4 37. Rf2 f5 38. Re2 Re4 39. Rc2 0-1

[Event "Elit(Manhem-LASK)"]
[Site "?"]
[Date "2011.02.05"]
[Round "7"]
[White "Fendrich, David"]
[Black "Nilsson, Sebastian"]
[Result "0-1"]
[WhiteElo "2276"]
[BlackElo "2402"]
[PlyCount "80"]

1. c4 g6 2. g3 Bg7 3. Bg2 d6 4. Nc3 Nf6 5. e4 O-O 6. Nge2 c5 7. O-O Nc6 8. d3
a6 9. h3 Rb8 10. a4 Bd7 11. Be3 Ne8 12. d4 cxd4 13. Nxd4 Nc7 14. Qd2 Re8 15.
Rad1 Nxd4 16. Bxd4 Bxd4 17. Qxd4 Ne6 18. Qd2 Nc5 19. e5 dxe5 20. Qe3 Qc8 21.
Qxe5 Bxa4 22. Nxa4 Nxa4 23. Rd2 Qxc4 24. Rd4 Qc2 25. Bd5 Qxb2 26. Bxf7+ Kxf7
27. Re1 Qb6 28. Rf4+ Kg8 29. Qd5+ e6 30. Qd7 Rf8 31. Rxe6 Qb5 32. Qd6 Rxf4 33.
Rxg6+ hxg6 34. Qxg6+ Kf8 35. Qd6+ Kg7 36. Qxf4 Re8 37. Qg4+ Kf6 38. Qf4+ Ke7
39. Qe4+ Kd7 40. Qd4+ Kc7 0-1

[Event "Elit(Rockaden-Solna)"]
[Site "?"]
[Date "2011.02.05"]
[Round "7"]
[White "Lindberg, Bengt"]
[Black "Barkhagen, Jonas"]
[Result "1/2-1/2"]
[WhiteElo "2434"]
[BlackElo "2518"]
[PlyCount "40"]
[SourceDate "2011.02.15"]

1. e4 e6 2. d4 d5 3. Nc3 dxe4 4. Nxe4 Bd7 5. Nf3 Bc6 6. Bd3 Nd7 7. O-O Ngf6 8.
Qe2 Nxe4 9. Bxe4 Bxe4 10. Qxe4 c6 11. c4 Be7 12. Bf4 O-O 13. Rfd1 Qa5 14. Ne5
Rad8 15. h3 Nxe5 16. Bxe5 Bd6 17. Bxd6 Rxd6 18. Qe5 Qc7 19. Rd3 Rfd8 20. Rad1
R6d7 1/2-1/2

[Event "Elit(Rockaden-Solna)"]
[Site "?"]
[Date "2011.02.05"]
[Round "7"]
[White "Karlsson, Lars"]
[Black "Jonsson, Mikael"]
[Result "1-0"]
[WhiteElo "2563"]
[BlackElo "2342"]
[PlyCount "69"]
[EventDate "2011.??.??"]

1. b3 e5 2. Bb2 Nc6 3. e3 d5 4. Bb5 Bd6 5. f4 Qe7 6. Nf3 Bg4 7. fxe5 Bxe5 8.
Bxe5 Bxf3 9. Qxf3 Qxe5 10. Nc3 Nf6 11. Bxc6+ bxc6 12. O-O O-O 13. Qf4 Qe7 14.
Qh4 Qd6 15. Rf4 Rae8 16. Raf1 Ne4 17. Nxe4 dxe4 18. Rxe4 Qxd2 19. Qf4 f6 20.
Rc4 Rxe3 21. Rxc6 Rd8 22. Rxc7 Qd4 23. Rc4 Qd2 24. Re4 Rc3 25. Re8+ Kf7 26.
Rxd8 Qxd8 27. Qe4 Qd2 28. Re1 Qd7 29. Qxh7 Qc6 30. Re2 Qc5+ 31. Kf1 f5 32. Qh5+
Kf6 33. g4 Rf3+ 34. Kg2 Qc6 35. g5# 1-0

[Event "Elit(Rockaden-Solna)"]
[Site "?"]
[Date "2011.02.05"]
[Round "7"]
[White "Bator, Robert"]
[Black "Johansson, Gunnar"]
[Result "1-0"]
[WhiteElo "2466"]
[BlackElo "2269"]
[PlyCount "95"]

1. d4 d5 2. Nf3 Nf6 3. c4 c6 4. e3 Bf5 5. Nc3 e6 6. Nh4 Bg6 7. Qb3 Qb6 8. Nxg6
hxg6 9. Be2 Nbd7 10. Bd2 Be7 11. Qc2 Qc7 12. h3 O-O 13. g4 dxc4 14. g5 Nd5 15.
h4 c5 16. Qe4 Nxc3 17. Bxc3 Qc6 18. Qxc6 bxc6 19. dxc5 Nxc5 20. Bxc4 Rfd8 21.
Ke2 Na4 22. Ba5 Rdb8 23. b3 Bb4 24. Bc7 Rb7 25. Bg3 Nc3+ 26. Kf3 Rd7 27. h5 Be7
28. hxg6 Bxg5 29. Rh5 Bh6 30. Rc5 Nd5 31. Rxc6 Nb6 32. Bb5 Rd5 33. gxf7+ Kxf7
34. Rc7+ Kf6 35. Ba6 Ra5 36. Bb7 Rf8 37. a4 Rf5+ 38. Ke2 a5 39. e4 Rh5 40. Bd6
Re8 41. e5+ Kf5 42. Ba6 Rh4 43. Bd3+ Kg4 44. Rg1+ Kh3 45. Kf1 Rf4 46. Be2 Kh2
47. Rc3 Nd5 48. Rg2+ 1-0

[Event "Elit(Rockaden-Solna)"]
[Site "?"]
[Date "2011.02.05"]
[Round "7"]
[White "Couso, Luis"]
[Black "Hedman, Erik"]
[Result "1/2-1/2"]
[WhiteElo "2258"]
[BlackElo "2413"]
[PlyCount "54"]

1. e4 c5 2. Nf3 d6 3. d4 cxd4 4. Nxd4 Nf6 5. Nc3 a6 6. Be3 Ng4 7. Bc1 Nf6 8.
Be3 Ng4 9. Bg5 h6 10. Bh4 g5 11. Bg3 Bg7 12. Be2 h5 13. Bxg4 Bxg4 14. f3 Bd7
15. Bf2 e6 16. Qd2 Nc6 17. Nxc6 Bxc6 18. O-O-O Be5 19. Bd4 Qe7 20. Bxe5 dxe5
21. Qf2 h4 22. Rd3 Rd8 23. Rhd1 Rxd3 24. cxd3 Qd6 25. d4 exd4 26. Rxd4 Qxh2 27.
Qd2 Qe5 1/2-1/2

[Event "Elit(Rockaden-Solna)"]
[Site "?"]
[Date "2011.02.05"]
[Round "7"]
[White "Engqvist, Thomas"]
[Black "Steneskog, Per"]
[Result "1/2-1/2"]
[WhiteElo "2454"]
[BlackElo "2213"]
[PlyCount "97"]

1. d4 d5 2. c4 e6 3. Nc3 Nf6 4. Bg5 Nbd7 5. e3 c6 6. a3 dxc4 7. Bxc4 Qa5 8. Bh4
Nb6 9. Bd3 Nbd5 10. Nge2 Nxc3 11. bxc3 Nd5 12. Qc2 Bd6 13. O-O Nb6 14. e4 Bxh2+
15. Kxh2 Qh5 16. g3 g5 17. Kg2 gxh4 18. Rh1 Rg8 19. Kf1 h3 20. e5 Nd5 21. Qd2
b5 22. Rh2 a6 23. Ng1 Qg5 24. Qxg5 Rxg5 25. Ne2 Rh5 26. f3 c5 27. g4 Rh6 28.
Kf2 Bd7 29. Rah1 cxd4 30. cxd4 a5 31. Rxh3 Rxh3 32. Rxh3 b4 33. Rxh7 Rc8 34.
Rh8+ Ke7 35. Rxc8 Bxc8 36. axb4 Nxb4 37. Bb5 Bb7 38. g5 Bd5 39. f4 Bb3 40. Nc3
Nc2 41. Ke2 Nxd4+ 42. Kd3 Nxb5 43. Nxb5 Kf8 44. Nd6 Kg7 45. Kc3 Bd1 46. f5 exf5
47. Nxf5+ Kg6 48. Nd6 a4 49. Kb4 1/2-1/2

[Event "Elit(Rockaden-Solna)"]
[Site "?"]
[Date "2011.02.05"]
[Round "7"]
[White "Landgren, Andreas"]
[Black "Zadruzny, Nicolaj"]
[Result "0-1"]
[WhiteElo "2254"]
[BlackElo "2345"]
[PlyCount "80"]

1. d4 e6 2. c4 f5 3. g3 Nf6 4. Bg2 Bb4+ 5. Nd2 O-O 6. Ngf3 b6 7. O-O Bb7 8. Nb1
d5 9. Ne5 Nbd7 10. Nd3 Bd6 11. Nd2 c5 12. dxc5 bxc5 13. Nf4 Bxf4 14. gxf4 Qc7
15. e3 Rad8 16. cxd5 exd5 17. Qc2 Ne4 18. b4 Rf6 19. bxc5 Qxc5 20. Qb3 Rb6 21.
Nxe4 fxe4 22. Qa3 Ba6 23. Rd1 Rg6 24. Rd2 Qb5 25. Bb2 Nc5 26. Bd4 Qd7 27. Bxc5
Qh3 28. f3 exf3 29. Qb2 Rc8 30. Bd4 Bd3 31. f5 Bxf5 32. Be5 Be4 33. Bg3 fxg2
34. Qe5 Rf8 35. Bf4 Rg4 36. Rf2 h6 37. Rc1 Rg6 38. Rc7 a5 39. Ra7 Qc8 40. Re7
Qc1+ 0-1

[Event "Elit(Team Viking-Upsala)"]
[Site "?"]
[Date "2011.02.05"]
[Round "7"]
[White "Johansson, Jan"]
[Black "Volodin, Aleksandr"]
[Result "1/2-1/2"]
[WhiteElo "2417"]
[BlackElo "2535"]
[PlyCount "84"]

1. d4 Nf6 2. Nf3 c5 3. d5 b5 4. Bg5 d6 5. e3 Qa5+ 6. c3 Nbd7 7. Nbd2 Rb8 8. e4
g6 9. Be2 Bg7 10. O-O O-O 11. Re1 Qc7 12. Bf1 Re8 13. h3 e6 14. dxe6 Rxe6 15.
a4 a6 16. axb5 axb5 17. Bf4 h6 18. Qc2 Ne5 19. Nxe5 dxe5 20. Be3 Bf8 21. b3 Rc6
22. Ra2 Be6 23. Rea1 Ne8 24. Ra7 Qc8 25. Nf3 Bg7 26. R1a5 Nd6 27. Nd2 Kh7 28.
Be2 Bf6 29. Qd1 Bd8 30. Ra1 Bb6 31. R7a6 c4 32. Rxb6 Rbxb6 33. Bxb6 Rxb6 34.
bxc4 bxc4 35. Qa4 Qc5 36. Ra2 Kg7 37. Bg4 Bxg4 38. hxg4 Qc8 39. Qa5 Rb5 40. Qa6
Qd7 41. Ra5 Rxa5 42. Qxa5 Qe6 1/2-1/2

[Event "Elit(Team Viking-Upsala)"]
[Site "?"]
[Date "2011.02.05"]
[Round "7"]
[White "Semcesen, Daniel"]
[Black "Lundvik, Jonas"]
[Result "1-0"]
[WhiteElo "2509"]
[BlackElo "2332"]
[PlyCount "51"]

1. d4 d5 2. c4 c6 3. Nf3 Nf6 4. Nc3 e6 5. Bg5 h6 6. Bxf6 Qxf6 7. Qc2 Nd7 8. e4
dxe4 9. Qxe4 Qf5 10. Qxf5 exf5 11. Bd3 g6 12. O-O-O Bg7 13. Rhe1+ Kd8 14. c5
Re8 15. Bc4 Re7 16. Kc2 Ke8 17. b4 b6 18. b5 bxc5 19. bxc6 Nb6 20. dxc5 Nxc4
21. Rxe7+ Kxe7 22. Nd5+ Kf8 23. Nc7 Rb8 24. Rd8+ Ke7 25. Re8+ Kf6 26. Nd5# 1-0

[Event "Elit(Team Viking-Upsala)"]
[Site "?"]
[Date "2011.02.05"]
[Round "7"]
[White "Ernst, Thomas"]
[Black "Burwick, Malte"]
[Result "1/2-1/2"]
[WhiteElo "2510"]
[BlackElo "2294"]
[PlyCount "151"]
[EventDate "2011.??.??"]

1. e4 g6 2. d4 Bg7 3. c4 d6 4. Nc3 Nf6 5. f3 O-O 6. Be3 e5 7. d5 c6 8. Bd3 a6
9. a4 a5 10. Nge2 Na6 11. Rc1 Nd7 12. Bc2 Bh6 13. Bxh6 Qh4+ 14. g3 Qxh6 15.
dxc6 bxc6 16. Qxd6 Nb4 17. O-O Qe3+ 18. Kg2 Re8 19. Rfe1 Re6 20. Qd1 Qc5 21.
Bb1 Rd6 22. Nd5 cxd5 23. exd5 f5 24. Nc3 Ba6 25. b3 Rf6 26. Qd2 Qd6 27. Nb5
Bxb5 28. axb5 Nc5 29. Rc3 Raf8 30. f4 e4 31. Qd4 Re8 32. h4 h6 33. Rce3 Rff8
34. R1e2 Re7 35. Qa1 Ra8 36. Qc3 Rc8 37. Qd4 Nd7 38. Rc3 Rg7 39. Bxe4 fxe4 40.
Rxe4 Re7 41. Rxe7 Qxe7 42. Re3 Qc5 43. Qd2 Nf8 44. Re5 Rd8 45. h5 Rd6 46. hxg6
Nxg6 47. Re6 Nf8 48. Re8 Kf7 49. Ra8 Nxd5 50. cxd5 Rxd5 51. Qe2 Ne6 52. Rxa5
Rd4 53. Ra6 Qd5+ 54. Kh2 Rd2 55. Rxe6 Rxe2+ 56. Rxe2 Qxb5 57. Rf2 Qxb3 58. f5
Kf6 59. Rf4 Qd1 60. Kg2 Qe2+ 61. Kg1 h5 62. Kh1 Qd2 63. Kg1 h4 64. Rxh4 Kxf5
65. Rf4+ Kg5 66. Rf2 Qe1+ 67. Kg2 Qe4+ 68. Kh2 Qd5 69. Rf4 Qd2+ 70. Kg1 Kh5 71.
Rh4+ Kg5 72. Rf4 Qe2 73. Kh1 Qa6 74. Kg2 Qc6+ 75. Kh2 Qd5 76. Kg1 1/2-1/2

[Event "Elit(Team Viking-Upsala)"]
[Site "?"]
[Date "2011.02.05"]
[Round "7"]
[White "Agrest, Inna"]
[Black "Cederberg, Karl Olof"]
[Result "1-0"]
[WhiteElo "2383"]
[BlackElo "2194"]
[PlyCount "77"]

1. e4 e5 2. Nf3 d6 3. d4 Nf6 4. Nc3 Nbd7 5. g4 Nxg4 6. Rg1 exd4 7. Nxd4 Nde5 8.
h3 Nf6 9. Rg3 g6 10. Bg5 Be7 11. Qd2 Nh5 12. Bxe7 Qxe7 13. Nd5 Qd8 14. Rc3 c6
15. Nf4 Nxf4 16. Qxf4 g5 17. Qd2 Qf6 18. O-O-O Ke7 19. Kb1 Rd8 20. h4 g4 21. h5
h6 22. Be2 Qg5 23. Re3 Qxh5 24. f4 gxf3 25. Bxf3 Nxf3 26. Nxf3 Bg4 27. Rf1 Qb5
28. Qf2 Bxf3 29. Rxf3 Kd7 30. Rxf7+ Kc8 31. Qf6 Qg5 32. Qe6+ Kb8 33. a3 a6 34.
R1f5 Qg1+ 35. Ka2 Ka7 36. Rxb7+ Kxb7 37. Rf7+ Kb6 38. Qb3+ Kc5 39. Qb4# 1-0

[Event "Elit(LASK-Limhamn)"]
[Site "?"]
[Date "2011.02.19"]
[Round "8"]
[White "Hillarp Persson, Tiger"]
[Black "Jepson, Christian"]
[Result "1-0"]
[WhiteElo "2588"]
[BlackElo "2473"]
[PlyCount "76"]
[SourceDate "2011.02.20"]

1. e4 e5 2. Nf3 Nc6 3. Bc4 Nf6 4. d3 Be7 5. O-O O-O 6. Re1 d6 7. c3 Na5 8. Bb5
a6 9. Ba4 c5 10. Nbd2 Be6 11. h3 Rc8 12. Nf1 Qc7 13. Bg5 Ne8 14. Ne3 Bxg5 15.
Nxg5 Nf6 16. a3 Bd7 17. Bc2 h6 18. Nf3 Be6 19. b4 Nc6 20. Bb3 Bxb3 21. Qxb3 Ne7
22. bxc5 dxc5 23. a4 Rb8 24. Nc4 Nd7 25. a5 Kh7 26. Re3 Ng6 27. g3 Qc6 28. Qd1
Kg8 29. Nfd2 Rfe8 30. Qg4 Nf6 31. Qf5 Re6 32. Qf3 Nd7 33. Rb1 Qc7 34. Ree1 Ne7
35. Qd1 b5 36. axb6 Nxb6 37. Qc2 Nxc4 38. Nxc4 Nc6 1-0

[Event "Elit(LASK-Limhamn)"]
[Site "?"]
[Date "2011.02.19"]
[Round "8"]
[White "Hector, Jonny"]
[Black "Smith, Axel"]
[Result "1-0"]
[WhiteElo "2659"]
[BlackElo "2540"]
[PlyCount "111"]

1. e4 e5 2. Nf3 Nc6 3. Bc4 Nf6 4. Qe2 Be7 5. d4 d5 6. Bb5 Nxe4 7. Nxe5 Bd7 8.
f3 Nf6 9. Nxd7 Qxd7 10. O-O O-O 11. c3 Rfe8 12. Qf2 Bd6 13. Nd2 a6 14. Bd3 Bf4
15. Nb3 Bxc1 16. Rfxc1 Nd8 17. Nc5 Qc6 18. c4 a5 19. cxd5 Qxd5 20. Bb5 c6 21.
Bc4 Qd6 22. Re1 Rxe1+ 23. Rxe1 b6 24. Ne4 Nxe4 25. Rxe4 Ne6 26. Qe3 Rd8 27. h4
Nc7 28. a3 Kf8 29. h5 h6 30. Qb3 Nd5 31. Bxd5 cxd5 32. Re1 Re8 33. Rxe8+ Kxe8
34. Qb5+ Ke7 35. Kf2 Qe6 36. g4 Kd8 37. Qa6 Qc6 38. Qa7 Qc2+ 39. Kg3 Qxb2 40.
Qa8+ Ke7 41. Qxd5 Qxa3 42. Qb7+ Ke8 43. Qxb6 Qb4 44. Qc6+ Ke7 45. Qc7+ Ke8 46.
Qe5+ Kf8 47. d5 Qb6 48. Kg2 f6 49. Qc3 Ke7 50. Qc8 Kd6 51. Qe6+ Kc5 52. Qe3+
Kb5 53. Qe7 a4 54. d6 a3 55. d7 a2 56. Qe2+ 1-0

[Event "Elit(LASK-Limhamn)"]
[Site "?"]
[Date "2011.02.19"]
[Round "8"]
[White "Grandelius, Nils"]
[Black "Penalver, Osmani"]
[Result "1-0"]
[WhiteElo "2637"]
[BlackElo "2327"]
[PlyCount "91"]

1. d4 Nf6 2. c4 e6 3. Nc3 Bb4 4. e3 b6 5. Nge2 Ne4 6. Bd2 Bxc3 7. Nxc3 Nxd2 8.
Qxd2 Bb7 9. Bd3 Bxg2 10. Rg1 Bf3 11. Rxg7 Qh4 12. Be2 Qf6 13. Rg3 Bb7 14. d5 d6
15. Bh5 Qe5 16. Qe2 Nd7 17. f4 Qf6 18. Ne4 Qe7 19. Ng5 O-O-O 20. Nxf7 exd5 21.
Nxh8 Rxh8 22. Bf3 Nf6 23. cxd5 Nxd5 24. O-O-O Nf6 25. Rdg1 d5 26. Rg7 Qd6 27.
Rf7 Kb8 28. Rgg7 Ne8 29. Rg5 Qc5+ 30. Kb1 h6 31. Re5 Rg8 32. Qc2 Qd6 33. Qd1
Qg6+ 34. Ref5 Nd6 35. Bh5 Qxf5+ 36. Rxf5 Nxf5 37. Qd3 Nd6 38. Bf3 Ne4 39. Bxe4
dxe4 40. Qf1 a5 41. f5 Rf8 42. f6 Kc8 43. Qf4 Kd8 44. Qe5 Re8 45. Qd4+ Kc8 46.
f7 1-0

[Event "Elit(LASK-Limhamn)"]
[Site "?"]
[Date "2011.02.19"]
[Round "8"]
[White "Ahlander, Bjorn"]
[Black "Tikkanen, Hans"]
[Result "1/2-1/2"]
[WhiteElo "2500"]
[BlackElo "2618"]
[PlyCount "119"]

1. d4 d5 2. c4 c6 3. Nc3 dxc4 4. e4 b5 5. a4 b4 6. Na2 Nf6 7. e5 Nd5 8. Bxc4 e6
9. Nf3 a5 10. Bg5 Qb6 11. Nc1 Ba6 12. Qe2 h6 13. Be3 Bxc4 14. Qxc4 Nd7 15. Nb3
Be7 16. O-O O-O 17. Rfc1 Rfc8 18. Qe2 c5 19. dxc5 Nxc5 20. Bd4 Rc7 21. Nfd2
Rac8 22. g3 Nxb3 23. Rxc7 Qxc7 24. Nxb3 Bd8 25. Qb5 Rb8 26. Qd3 Rc8 27. Qa6 Qc4
28. Qxc4 Rxc4 29. Kf1 Rc2 30. Rc1 Rxc1+ 31. Nxc1 Bb6 32. Nb3 Kf8 33. Ke2 Ke7
34. Bxb6 Nxb6 35. Nxa5 Nxa4 36. b3 Nc5 37. Ke3 f6 38. Kd4 Na6 39. Kc4 fxe5 40.
Kb5 Nc7+ 41. Kxb4 Nd5+ 42. Kc5 Nc3 43. Nc6+ Kf6 44. f3 e4 45. fxe4 Nxe4+ 46.
Kd4 Nd6 47. b4 Kf5 48. h3 h5 49. g4+ hxg4 50. hxg4+ Kxg4 51. Ke5 Nb5 52. Nd4
Nxd4 53. Kxd4 Kf5 54. b5 e5+ 55. Kd5 e4 56. Kd4 Ke6 57. Kxe4 Kd6 58. Kf5 Kc5
59. Kg6 Kxb5 60. Kxg7 1/2-1/2

[Event "Elit(LASK-Limhamn)"]
[Site "?"]
[Date "2011.02.19"]
[Round "8"]
[White "Hall, Jesper"]
[Black "Eklund, Joel"]
[Result "1-0"]
[WhiteElo "2536"]
[BlackElo "2276"]
[PlyCount "83"]

1. e4 c5 2. Nc3 e6 3. f4 Nc6 4. Nf3 Nge7 5. g3 g6 6. Bg2 Bg7 7. O-O O-O 8. d3
d6 9. Be3 Nd4 10. Bf2 Rb8 11. Nxd4 cxd4 12. Ne2 Nc6 13. c3 dxc3 14. bxc3 Bd7
15. a4 Qc7 16. Qd2 b5 17. axb5 Rxb5 18. Ra2 Rfb8 19. h3 R8b7 20. Rfa1 Qb8 21.
d4 Rb2 22. Rxb2 Rxb2 23. Qd3 Qc7 24. d5 exd5 25. exd5 Na5 26. Nd4 Qc5 27. Rb1
Bb5 28. Rxb2 Bxd3 29. Rb8+ Bf8 30. Ne6 Qxf2+ 31. Kxf2 fxe6 32. dxe6 Kg7 33. Ra8
a6 34. Ra7+ Kf6 35. Rf7+ Kxe6 36. Rxf8 Nc4 37. Ra8 a5 38. Bc6 h5 39. Bb5 d5 40.
Bxc4 dxc4 41. Rxa5 Bf5 42. Rxf5 1-0

[Event "Elit(Eksjo-Manhem)"]
[Site "?"]
[Date "2011.02.26"]
[Round "8"]
[White "Winsnes, Rikard"]
[Black "Vernersson, Per"]
[Result "0-1"]
[WhiteElo "2503"]
[BlackElo "2456"]
[PlyCount "158"]
[EventDate "2011.??.??"]
[SourceDate "2011.02.27"]

1. e4 c6 2. d4 d5 3. exd5 cxd5 4. c4 Nf6 5. Nc3 e6 6. Nf3 Bb4 7. cxd5 Nxd5 8.
Qc2 Nc6 9. Be2 O-O 10. O-O Nf6 11. Rd1 Be7 12. a3 Qd6 13. Nb5 Qd8 14. Nc3 Qd6
15. Nb5 Qb8 16. g3 Bd7 17. Bf4 Qd8 18. Ng5 h6 19. Ne4 Nd5 20. Qd2 Nxf4 21. Qxf4
Qb6 22. Nbc3 Rac8 23. Rab1 Rfd8 24. d5 e5 25. Qe3 Nd4 26. Bh5 f5 27. d6 Bxd6
28. Nxd6 Qxd6 29. f4 Qc5 30. Kf2 Be6 31. fxe5 Bb3 32. Rd2 Ne6 33. Rxd8+ Rxd8
34. Re1 Bc4 35. Be2 Bxe2 36. Qxc5 Nxc5 37. Rxe2 a6 38. Kf3 Kf7 39. e6+ Nxe6 40.
Kf2 Kf6 41. Rc2 Nd4 42. Rd2 Nc6 43. Rc2 Nd4 44. Rd2 Ke5 45. Ne2 Ne6 46. Rc2 Rd3
47. Ke1 g5 48. Nc1 Rd5 49. Rc8 Rd8 50. Rc3 Rd7 51. Nd3+ Kd4 52. Nb4 Ke5 53.
Nd3+ Kd6 54. Rc8 Rd8 55. Rc4 Kd5 56. Rc3 Re8 57. Kd2 Kd6 58. Nb4 Nc5 59. Rf3
Re5 60. Nc2 Rd5+ 61. Ke2 Ne4 62. Ke3 Ke5 63. Nb4 Rd1 64. Nd3+ Ke6 65. g4 fxg4
66. Rf8 Nd6 67. Rh8 Kd5 68. Nf2 Rg1 69. Ke2 Nf5 70. Rf8 Ke6 71. Ne4 Rg2+ 72.
Kd3 Rxb2 73. Nc5+ Ke5 74. Re8+ Kf6 75. Rf8+ Kg6 76. Ne4 Ne7 77. Re8 Nd5 78.
Re6+ Kg7 79. Nd6 Nf4+ 0-1

[Event "Elit(Eksjo-Manhem)"]
[Site "?"]
[Date "2011.02.26"]
[Round "8"]
[White "Ornstein, Axel"]
[Black "Akesson, Joel"]
[Result "1-0"]
[WhiteElo "2415"]
[BlackElo "2368"]
[PlyCount "78"]

1. Nf3 d5 2. c4 c6 3. e3 Nf6 4. b4 Bg4 5. cxd5 cxd5 6. Qa4+ Nbd7 7. Ne5 Be6 8.
Bb2 a6 9. Be2 g6 10. Nd3 Bg7 11. Nf4 Bf5 12. Nxd5 O-O 13. Nxf6+ Nxf6 14. O-O
Rc8 15. b5 Bd3 16. Bxd3 Qxd3 17. bxa6 bxa6 18. Qa3 Rfd8 19. Qxd3 Rxd3 20. Rd1
Rc2 21. Bd4 Ne4 22. Bxg7 Kxg7 23. Kf1 e5 24. Ke2 Nc5 25. a4 e4 26. Na3 Rb2 27.
Nc4 Rb4 28. Ne5 Rd5 29. Nc6 Rb2 30. Nd4 Nd3 31. Rdb1 Nf4+ 32. exf4 Rxb1 33.
Ne6+ fxe6 34. Rxb1 Rd4 35. Rb7+ Kf6 36. Rxh7 Rxa4 37. Ke3 e5 38. Rc7 exf4+ 39.
Kxf4 g5+ 1-0

[Event "Elit(Eksjo-Manhem)"]
[Site "?"]
[Date "2011.02.26"]
[Round "8"]
[White "Nithander, Victor"]
[Black "Krantz, Christopher"]
[Result "1-0"]
[WhiteElo "2494"]
[BlackElo "2376"]
[PlyCount "65"]
[EventDate "2011.??.??"]

1. c4 e5 2. g3 Nf6 3. Bg2 Nc6 4. Nc3 Bb4 5. Nd5 Bc5 6. d3 h6 7. Nf3 d6 8. O-O
O-O 9. Bd2 Nxd5 10. cxd5 Ne7 11. b4 Bb6 12. Qb3 c6 13. dxc6 Nxc6 14. b5 Be6 15.
Qb2 Nd4 16. e3 Nxf3+ 17. Bxf3 Rb8 18. a4 Ba5 19. Bxa5 Qxa5 20. d4 f6 21. Rfc1
Kf7 22. Rc3 Rfc8 23. Rxc8 Bxc8 24. dxe5 dxe5 25. Qb3+ Kf8 26. Qa3+ Kg8 27. Bd5+
Kh7 28. Qf8 Qc7 29. Bg8+ Kg6 30. Qe8+ Kg5 31. h4+ Kg4 32. Qg6+ Kh3 33. Bd5 1-0

[Event "Elit(Eksjo-Manhem)"]
[Site "?"]
[Date "2011.02.26"]
[Round "8"]
[White "Malesevic, Nedeljko"]
[Black "Welin, Mats"]
[Result "1-0"]
[WhiteElo "2395"]
[BlackElo "2397"]
[PlyCount "75"]
[SourceDate "2011.02.27"]

1. d4 Nf6 2. c4 e6 3. Nf3 d5 4. cxd5 exd5 5. Bg5 c6 6. Nc3 Be7 7. Qc2 g6 8. e3
Bf5 9. Bd3 Bxd3 10. Qxd3 Nbd7 11. O-O O-O 12. Rfe1 Re8 13. Rab1 a5 14. Qc2 Nb6
15. Ne5 Nfd7 16. Bxe7 Qxe7 17. Na4 Nxe5 18. Nxb6 Ra6 19. Na4 Nc4 20. Nc5 Raa8
21. Qc3 Nd6 22. f3 Qg5 23. e4 dxe4 24. Nxe4 Qf4 25. g3 Nxe4 26. Rxe4 Qd6 27.
Rbe1 Red8 28. Kg2 Qd5 29. a3 Rd7 30. h4 h5 31. R1e2 Rad8 32. g4 hxg4 33. Rxg4
Rd6 34. Re5 Qa2 35. h5 Re6 36. hxg6 Rxg6 37. Rxg6+ fxg6 38. d5 1-0

[Event "Elit(Eksjo-Manhem)"]
[Site "?"]
[Date "2011.02.26"]
[Round "8"]
[White "Hultin, Johan"]
[Black "Gustafsson, Fredrik"]
[Result "1/2-1/2"]
[WhiteElo "2366"]
[BlackElo "2151"]
[PlyCount "101"]

1. d4 Nf6 2. Nf3 g6 3. Bf4 Bg7 4. e3 c5 5. c3 Qb6 6. Qb3 Qxb3 7. axb3 cxd4 8.
exd4 d6 9. Na3 O-O 10. Nc4 Nd5 11. Bg3 Nc6 12. Be2 Be6 13. O-O Bh6 14. Rfe1 a6
15. h3 Rfe8 16. Bd3 Rad8 17. b4 Nf4 18. Bxf4 Bxf4 19. Nb6 d5 20. b5 axb5 21.
Bxb5 Bf5 22. Ne5 Bxe5 23. dxe5 d4 24. Rad1 dxc3 25. bxc3 Rxd1 26. Rxd1 Rd8 27.
Rxd8+ Nxd8 28. f3 g5 29. Kf2 Ne6 30. Bd7 Ng7 31. Bxf5 Nxf5 32. Nd7 Kg7 33. Nc5
b6 34. Nd7 b5 35. g4 Nh4 36. Ke3 f5 37. gxf5 Nxf5+ 38. Ke4 e6 39. Nc5 Kf7 40.
Na6 Ng3+ 41. Ke3 Nh5 42. Nc7 Nf4 43. Nxb5 Nxh3 44. Nd6+ Ke7 45. Ne4 h5 46. c4
h4 47. Ke2 Nf4+ 48. Kf2 Nd3+ 49. Kg2 Nxe5 50. Nxg5 Nxc4 51. Nxe6 1/2-1/2

[Event "Elit(Eksjo-Manhem)"]
[Site "?"]
[Date "2011.02.26"]
[Round "8"]
[White "Andersson, Johan"]
[Black "Carlhammar, Magnus"]
[Result "1/2-1/2"]
[WhiteElo "2115"]
[BlackElo "2318"]
[PlyCount "51"]

1. e4 d6 2. d4 Nf6 3. Nc3 e5 4. dxe5 dxe5 5. Qxd8+ Kxd8 6. Bg5 c6 7. O-O-O+ Ke8
8. Nf3 Nbd7 9. Bh4 Bb4 10. Bc4 Ba5 11. a4 Bc7 12. Rd2 h6 13. Rhd1 Ke7 14. Bg3
Re8 15. Nh4 g6 16. f3 Bb6 17. Bf2 Bxf2 18. Rxf2 Nb6 19. Bb3 Be6 20. Bxe6 Kxe6
21. Rfd2 Ke7 22. g3 Rad8 23. Ng2 Rxd2 24. Rxd2 Nc4 25. Rd1 Rd8 26. Rxd8 1/2-1/2

[Event "Elit(Eksjo-Manhem)"]
[Site "?"]
[Date "2011.02.26"]
[Round "8"]
[White "Moberg, Karl Johan"]
[Black "Gustafsson, Olof"]
[Result "1-0"]
[WhiteElo "2331"]
[BlackElo "2117"]
[PlyCount "83"]

1. d4 Nf6 2. c4 e5 3. dxe5 Ne4 4. Nf3 b6 5. Nbd2 Bb7 6. Qc2 Bb4 7. a3 Bxd2+ 8.
Nxd2 Nxd2 9. Bxd2 Qe7 10. Bc3 Nc6 11. Qf5 O-O-O 12. e3 Rhe8 13. Be2 Nxe5 14.
O-O Ng6 15. Bf3 Nh4 16. Bxb7+ Kxb7 17. Qf4 f5 18. Rae1 Kb8 19. f3 Rg8 20. e4 g5
21. Qe5 Qf7 22. Qd5 Qh5 23. exf5 g4 24. fxg4 Rxg4 25. g3 Rdg8 26. Re3 R4g5 27.
Bf6 Rg4 28. Bxh4 Qxh4 29. Qf3 Qf6 30. Rfe1 Qd4 31. Kg2 Qxb2+ 32. R1e2 Qh8 33.
Qxg4 Rxg4 34. Re8+ Qxe8 35. Rxe8+ Kb7 36. f6 Rg6 37. f7 Rf6 38. f8=Q Rxf8 39.
Rxf8 Kc6 40. Rf7 Kd6 41. Rxh7 Kc5 42. g4 1-0

[Event "Elit(Eksjo-Manhem)"]
[Site "?"]
[Date "2011.02.26"]
[Round "8"]
[White "Akvist, Hakan"]
[Black "Kinnmark, Ove"]
[Result "0-1"]
[WhiteElo "2087"]
[BlackElo "2248"]
[PlyCount "50"]

1. d4 Nf6 2. c4 e6 3. Nc3 Bb4 4. Qc2 d6 5. g3 O-O 6. Bg2 e5 7. Nf3 Qe7 8. O-O
Bxc3 9. bxc3 Re8 10. e3 e4 11. Nd2 Bf5 12. Rb1 c5 13. h3 h5 14. Kh2 Nc6 15. Rb2
Rac8 16. Qd1 Bg6 17. f3 exf3 18. Nxf3 Ne4 19. Nh4 Qg5 20. Qf3 b6 21. Qf4 Qxf4
22. Rxf4 Bh7 23. Bxe4 Rxe4 24. Rbf2 Rxf4 25. Rxf4 g5 0-1